| 000 | 00555nam a2200181 4500 | ||
|---|---|---|---|
| 999 |
_c169181 _d169181 |
||
| 005 | 20210205112315.0 | ||
| 010 | _aENG-126855 | ||
| 020 |
_a9789353220143 _c500.00 |
||
| 035 | _aEN-110387 | ||
| 037 | _bDBAD/PUB | ||
| 082 | _a230.42 | ||
| 100 | _aVerma, Vidya Sagar | ||
| 245 |
_aLessons in practising yoga / _cby Vidya Sagar Verma |
||
| 260 |
_aNew Delhi _bPrabhat Prakashan _c2018 |
||
| 270 |
_a4/19 ,Asaf Ali Road , _bNew Delhi _e110002 _mprabhatbooks@gmail.com |
||
| 300 |
_a264p. _bill. _c22cm(Hb) |
||
| 942 |
_2ddc _cEN _h230.42 _mVER |
||